000 00629nam a22001937a 4500
005 20250106165144.0
010 _aENG-143166
020 _a9788195857685
_c1150.00
035 _aEN-126698
037 _bDBAD
082 _a732.44
245 _aAncient Sculptures India, Egypt, Assyria, Greece, Rome/
260 _aMumbai
_bSabyasachi Mukherjee
_c2023
270 _bMumbai
_a159-161, M.G, Road,
_e400023
300 _aiv+149pp.
_c22cm(pb)
_bCol. ill.
500 _aA Unique International Educational Partnership for India 2 December 2023-1 October 2024
700 _966930
942 _2ddc
_cEN
_h732.44
_mANC
999 _c208096
_d208096